000 00843cab a22001935a 4500
001 L155249
008 120313e2012 xxk 000 0 eng d
035 _a(Sirsi) u155249
041 0 _aeng
110 2 _aEuroProperty
_91216
245 0 0 _aRents, fund raising, swaps
260 _c2012
490 0 _aEuroProperty
_v5 March 2012, 31(1)
520 _aThe crisis in the Eurozone periphery countries has continued to dominate the market which is likely to regard the Greek bailout as little more than a temporary palliative. Tables cover prime European rents/yields Q4 2011 and the EuroProperty capital raising update. Graph illustrates swap rates and the projected Eurobor interest rate, showing two-year rates and 10-year rates rising slightly.
590 _aKA
651 4 _aEurope
690 _aCommercial property
_96227
942 _n0
999 _c83838
_d83838